Descubrimiento y conquista de Costa Rica /

Gespeichert in:
Bibliographische Detailangaben
1. Verfasser: Solórzano Fonseca, Juan Carlos
Format: Unbekannt
Sprache:Spanish
Schlagworte:
Tags: Tag hinzufügen
Keine Tags, Fügen Sie den ersten Tag hinzu!

MARC

LEADER 000000000a22000000004500
001 006502
041 0 |a spa 
082 0 4 |a 972.86   |b C837ct 
100 1 |a Solórzano Fonseca, Juan Carlos 
245 1 0 |a Descubrimiento y conquista de Costa Rica /   |c Juan Carlos Solórzano Fonseca. 
650 4 |a COSTA RICA 
650 4 |a HISTORIA 
650 4 |a CONQUISTA 
650 4 |a EXPEDICIONES 
650 4 |a INDIGENISMO 
650 4 |a ECONOMIA 
650 4 |a SOCIEDAD COLONIAL 
650 4 |a AGRICULTURA 
650 4 |a POLITICA COLONIAL 
650 4 |a GRUPOS ETNICOS 
773 0 |x 9977675848  |d San José, Costa Rica : Editorial de la Universidad de Costa Rica  |t Costa Rica: estado, economía, sociedad y cultura desde las sociedades autóctonas hasta 1914  |g (1999), páginas 113-162 
942 |c AM 
999 |c 15539  |d 15539